LEADER 01621nam a2200325 u 4500 001 000000072347 003 CaOOAMICUS 005 20070226122230.0 008 020614s1994 gw u000 u ger u 020 $a3928698060 035 $a10933394 040 $aPUL(R)$bita 245 00$aMannsbilder :$bEntwicklung und Umbruch männlicher Identität /$cMechtild Blum, Harald Schützeichel (hrsg) 260 $aFreiburg im Breisgau :$bKatholischen Akademie der Erzdiözese Freiburg,$c1994. 300 $a100 p. ;$c19 cm 490 1 $aTagungsberichte der Katholischen Akademie der Erzdiözese Freiburg 500 $aContributi di vari autori. 504 $aBibliografia in nota. 650 4$aIdentitŕ (psicologia).$0(OLS)http://pul/subject/20057 650 4$aUomo e societŕ.$0(OLS)http://pul/subject/3058 700 1 $aBlum, Mechtild.$0(OLS)http://pul/name/47892 700 1 $aSchützeichel, Harald.$0(OLS)http://pul/name/35351 710 2 $aKatholischen Akademie der Erzdiözese Freiburg.$0(OLS)http://pul/name/47893 830 0$aTagungsberichte der Katholischen Akademie der Erzdiözese Freiburg.$0(OLS)http://pul/title/65049 850 $aPUL 852 $aPUL$W1$xDP1 Cons. Gen., Altre Classi 1$y22$m845 H 102$j93583$nBK-PRI$b $qStampati$B93583$CPULBib$Z2$F93583 $H78205 $81 941 1 $a8 996 $6020$a3928698060$9(OLS)http://pul/number/93406 996 $6245$aMannsbilder :$bEntwicklung und Umbruch männlicher Identität$9(OLS)http://pul/title/95171 996 $6260$aFreiburg im Breisgau :$bKatholischen Akademie der Erzdiözese Freiburg$9(OLS)http://pul/publisher/73920 LEADER 01281nam a2200325 u 4500 001 000000047246 003 CaOOAMICUS 005 20070226114849.0 008 990730s1995 it u000 u ita u 020 $a8810506685 035 $a10831405 040 $aPUL(R)$bita 245 00$aMonachesimo, laicitŕ e vita religiosa /$ca cura di Gianfranco Brunelli. 260 $aBologna :$bEd. Dehoniane,$c1995. 300 $a198 p. ;$c21 cm 490 1 $aProblemi di vita religiosa 504 $aBibliografia in nota. 650 4$aVita consacrata.$0(OLS)http://pul/subject/13125 650 4$aMonachismo.$0(OLS)http://pul/subject/14372 650 4$aLaicato.$0(OLS)http://pul/subject/994 700 1 $aBrunelli, Gianfranco.$0(OLS)http://pul/name/34354 830 0$aProblemi di vita religiosa.$0(OLS)http://pul/title/55275 850 $aPUL 852 $aPUL$W1$xSL Religione 1$y3$m41 E 166$j63166$nBK-PRI$b $qStampati$B63166$CPULBib$Z2$F63166 $H $81 941 1 $a8 960 $aFedeli laici$9994 961 $aINV: 73403 996 $6020$a8810506685$9(OLS)http://pul/number/58896 996 $6245$aMonachesimo, laicitŕ e vita religiosa$9(OLS)http://pul/title/63595 996 $6260$aBologna :$bEd. Dehoniane$9(OLS)http://pul/publisher/48282